000 01228nam a2200373 c 4500
999 _c15843
_d15843
001 15843
003 ES-MaCES
005 20201202104307.0
008 031124s2003 sp t 000 | spa d
017 _aB 42093-2003
_bDL
020 _a8434432455
035 _aCES20030016232m
040 _aES-MaCES
_bspa
_cES-MaCES
100 1 _aParejo Alfonso, Luciano
_920380
245 1 0 _aDerecho administrativo
_b: instituciones generales : bases, fuentes, organizaciòn y sujetos, actividad y control
_cLuciano Parejo Alfonso
260 _aBarcelona
_bAriel
_c2003
300 _aX, 1347 p
_c24 cm
490 1 _aAriel derecho
504 _aBibliografía: p. 1265-1319
541 _cCompra
650 4 _aderecho administrativo
_927155
650 4 _aderecho público
_927169
650 4 _afuentes del Derecho
_929917
650 4 _aadministración pública
_927214
650 4 _aprocedimiento administrativo
_930919
650 4 _acontrato
_929505
650 4 _amecanismo de control
_929918
650 4 _aadministración de justicia
_927204
653 1 0 _aDerecho administrativo
830 0 _aAriel derecho
_932649
902 _aLIB Libro
942 _2CES
_cBK
_h6.0.2.